ბათუმის შოთა რუსთაველის სახელმწიფო უნივერსიტეტის ბიბლიოთეკა

ჩანაწერი Personal Name

ჩანაწერთა რაოდენობა, რომელიც გამოყენებულია: 3

001 - CONTROL NUMBER

  • control field: 14532

003 - CONTROL NUMBER IDENTIFIER

  • control field: GE_BSU

005 - DATE AND TIME OF LATEST TRANSACTION

  • control field: 20220817131410.0

008 - FIXED-LENGTH DATA ELEMENTS

  • fixed length control field: 220817|| aca||aabn | a|a d

040 ## - CATALOGING SOURCE

  • Original cataloging agency: GE_BSU
  • Transcribing agency: GE_BSU

100 ## - HEADING--PERSONAL NAME

  • Personal name: გრიგოლაშვილი, ლ.
  • Relator term: რედაქტორი

670 ## - SOURCE DATA FOUND

  • Source citation: Work cat.: (GE_BSU)54860: მენაბდე, ლ. (ლევან) 14531, რაც ერთხელ ცხოვლად სულს დააჩნდების (ი. ჭავჭავაძე, ა. წერეთელი, ი. გოგებაშვილი და ძველი ქართული მწერლობა) /